Catálogo
 En Linea

Babel 73 : (Registro nro. 9600)

Detalles MARC
000 -CABECERA
campo de control de longitud fija 00673cam a2200193 a 4500
001 - NÚMERO DE CONTROL
campo de control 000009841
005 - FECHA Y HORA DE LA ÚLTIMA TRANSACCIÓN
campo de control 20200929161728.0
008 - DATOS DE LONGITUD FIJA--INFORMACIÓN GENERAL
campo de control de longitud fija 820413|1981 ve 000 0 spa
040 ## - FUENTE DE LA CATALOGACIÓN
Centro catalogador/agencia de origen DO-SdBNP
Lengua de catalogación spa
Centro/agencia transcriptor BNPHU
082 ## - NÚMERO DE LA CLASIFICACIÓN DECIMAL DEWEY
Número de clasificación V862.44
Número de documento/Ítem Z95b
100 1# - ENTRADA PRINCIPAL--NOMBRE DE PERSONA
Nombre de persona Zune, Jean
Fechas asociadas al nombre 1925-
9 (RLIN) 24755
245 10 - MENCIÓN DE TÍTULO
Título Babel 73 :
Resto del título obra en dos actos y seis idiomas /
Mención de responsabilidad, etc. Jean Zune.
260 ## - PUBLICACIÓN, DISTRIBUCIÓN, ETC.
Lugar de publicación, distribución, etc. Caracas, Venezuela :
Nombre del editor, distribuidor, etc. Fundarte,
Fecha de publicación, distribución, etc. 1981.
300 ## - DESCRIPCIÓN FÍSICA
Extensión 100 p. ;
Dimensiones 21 cm.
490 1# - MENCIÓN DE SERIE
Mención de serie Cuadernos de difusión ;
Designación de volumen o secuencia 55
500 ## - NOTA GENERAL
Nota general Esta obra fue presentada en su primera versión al inglés bajo el título original de Babel Hell.
650 #4 - PUNTO DE ACCESO ADICIONAL DE MATERIA--TÉRMINO DE MATERIA
Término de materia o nombre geográfico como elemento de entrada Teatro venezolano
9 (RLIN) 23074
650 #4 - PUNTO DE ACCESO ADICIONAL DE MATERIA--TÉRMINO DE MATERIA
Término de materia o nombre geográfico como elemento de entrada Literatura venezolana
9 (RLIN) 3816
Existencias
Estado de retiro Estado de pérdida Restricciones de uso No para préstamo Código de colección Localización permanente Ubicación/localización actual Ubicación en estantería Fecha de adquisición Número de inventario Total de préstamos Signatura topográfica completa Código de barras Fecha visto por última vez Precio válido a partir de Tipo de ítem Koha
      Excluido de préstamo Monografías: Libros y Folletos General General Depósito 01.10.2009 LF1   V862.44 Z95b 9841-10 25.06.2020 25.06.2020 No se presta

Con tecnología Koha